000 008300000a22002050004500
041 0 _aSPA
082 0 4 _aG 266 H558p
100 1 _aHernández Torres, Doris
245 1 0 _aLos pueblos no alcanzados y las religiones del mundo / Doris Hernández Torres
260 _aColombia : Doris Hernández Torres
300 _a96 páginas / Incluye fotografías a blanco y negro
501 _arústico
505 0 0 _aIntroducción -- Testimonio de la autora - Dedicatoria - Definición de términos -- Prólogo -- El Islam -- Las religiones aborígenes o de grupos autóctonos - El Hinduismo -- Religiones de China -- El Sintoísmo -- El Budismo
650 1 4 _aMISIONES \ MISIONOLOGIA
001 18142
942 _cBK
999 _c44620
_d44620
336 _atexto
_btxt
_2rdacontent
337 _2rdamedia
_asin mediación
_bn
338 _2rdacarrier
_avolumen
_bnc